000
00302nam a22001337a 4500
008
170204b xxu||||| |||| 00| 0 eng d
020
_a
039301794X
041
_a
eng
080
_a
61
100
_a
3
101
_a
SHM
245
_a
THE COMPLETE BOOK OF MEDICAL TESTS
_c
MOSKOWITZ, M,.A
942
_2
udc
_c
BK
999
_c
4671
_d
4671